[Event "NAYCC U10"]
[Site "Toronto CAN"]
[Date "2013.08.18"]
[Round "9"]
[White "Sivapathasundaram, Manojh"]
[Black "Vettese, Nicholas"]
[Result "0-1"]
[WhiteElo "1253"]
[BlackElo "1516"]
[PlyCount "112"]
[GameId "2160767909267155"]
[EventDate "2013.08.14"]
[EventType "swiss"]
[EventRounds "9"]
[EventCountry "CAN"]
[SourceTitle "hb 2013"]

1. e4 e5 2. Nf3 Nc6 3. d4 exd4 4. c3 dxc3 5. Nxc3 d6 6. Bc4 Nf6 7. Ng5 Ne5 8. Qb3 Nxc4 9. Qxc4 Qe7 10. O-O h6 11. Nf3 c6 12. h3 Be6 13. Qd3 Qd7 14. e5 dxe5 15. Nxe5 Qxd3 16. Nxd3 Bc4 17. Re1+ Kd8 18. Rd1 Bxd3 19. Rxd3+ Kc8 20. Bf4 Bc5 21. Na4 Bb4 22. a3 Ba5 23. b4 Bc7 24. Bxc7 Kxc7 25. Re1 Rhe8 26. Rxe8 Rxe8 27. Rg3 Nh5 28. Rf3 Re7 29. Kf1 b6 30. Nc3 Nf6 31. a4 Nd5 32. Nxd5+ cxd5 33. b5 Kd6 34. Rc3 Rc7 35. Rg3 g6 36. Rf3 Kc5 37. Rc3+ Kd6 38. Rf3 f5 39. Ke2 Rc4 40. Ra3 Kc5 41. Kd2 Kb4 42. Rd3 d4 43. Rg3 g5 44. Kd3 Rc5 45. Rf3 Rc3+ 46. Kd2 Rxf3 47. gxf3 f4 48. Kd3 Kc5 49. Kc2 Kc4 50. Kd2 d3 51. a5 bxa5 52. h4 gxh4 53. Kd1 h3 54. b6 Kc3 55. b7 h2 56. b8=Q h1=Q# 0-1

[Event "CAN-ch Amateur U1600"]
[Site "Kitchener CAN"]
[Date "2013.08.05"]
[Round "4"]
[White "Mourgelas, James"]
[Black "Vettese, Nicholas"]
[Result "1/2-1/2"]
[WhiteElo "1306"]
[BlackElo "1524"]
[PlyCount "53"]
[GameId "2160767909296896"]
[EventDate "2013.08.03"]
[EventType "swiss"]
[EventRounds "7"]
[EventCountry "CAN"]

1. d4 d5 2. c4 e6 3. a3 Nf6 4. Nc3 c6 5. Bg5 h6 6. Bh4 Be7 7. e3 O-O 8. Nf3 Nbd7 9. Bd3 Re8 10. O-O a6 11. Rc1 b5 12. cxd5 exd5 13. Bg3 Bf8 14. Re1 Ne4 15. Ne2 Nxg3 16. Nxg3 Qb6 17. Bb1 Bd6 18. Qc2 Nf6 19. Nf5 Bxf5 20. Qxf5 Rac8 21. Ba2 Rc7 22. Re2 Ne4 23. Nd2 Nxd2 24. Rxd2 Re6 25. Bb1 Rg6 26. Qf3 Rf6 27. Qh5 1/2-1/2

[Event "CYCC U10"]
[Site "Ottawa CAN"]
[Date "2013.07.11"]
[Round "3"]
[White "Vettese, Nicholas"]
[Black "Pulfer, Luke"]
[Result "1/2-1/2"]
[WhiteElo "1434"]
[BlackElo "1645"]
[PlyCount "71"]
[GameId "2160767909318033"]
[EventDate "2013.07.10"]
[EventType "swiss"]
[EventRounds "6"]
[EventCountry "CAN"]
[SourceTitle "hb 2013"]

1. e4 e5 2. Nf3 Nc6 3. Bc4 Nf6 4. d3 d5 5. exd5 Nxd5 6. O-O Be6 7. Re1 f6 8. d4 Bd6 9. dxe5 Bxe5 10. Nxe5 fxe5 11. Bb5 Nf6 12. Nc3 Qd6 13. Qe2 O-O 14. Bxc6 Qxc6 15. Qxe5 Rae8 16. Bf4 Bxa2 17. Qxc7 Rxe1+ 18. Rxe1 Qxc7 19. Bxc7 Bc4 20. f3 Rc8 21. Bg3 Kf7 22. Ne4 Nxe4 23. Rxe4 Bd5 24. Re2 a6 25. Kf2 g6 26. Ke3 Re8+ 27. Kd2 Rxe2+ 28. Kxe2 Ke6 29. Ke3 Kf5 30. Bh4 h5 31. h3 a5 32. g4+ hxg4 33. hxg4+ Ke6 34. Bd8 a4 35. Ba5 b5 36. f4 1/2-1/2

[Event "CYCC U10"]
[Site "Ottawa CAN"]
[Date "2013.07.11"]
[Round "4"]
[White "Hua, Eugene"]
[Black "Vettese, Nicholas"]
[Result "1-0"]
[WhiteElo "1868"]
[BlackElo "1434"]
[PlyCount "249"]
[GameId "2160767909318046"]
[EventDate "2013.07.10"]
[EventType "swiss"]
[EventRounds "6"]
[EventCountry "CAN"]
[SourceTitle "hb 2013"]

1. e4 e5 2. Nf3 Nc6 3. Bc4 Bc5 4. d3 h6 5. c3 Nf6 6. Bb3 d6 7. Nbd2 Qe7 8. Bc2 Be6 9. Qe2 a5 10. a4 O-O 11. h3 Rfe8 12. O-O Nh5 13. Nb3 Bxb3 14. Bxb3 Ng3 15. Qc2 Nxf1 16. Kxf1 Rad8 17. Bd2 Kh7 18. Bd5 Rf8 19. Qb3 Rb8 20. Re1 Qd7 21. Qb5 Rfd8 22. Qb3 Rf8 23. Qb5 Rfd8 24. Qb3 Rf8 25. Qb5 Rfd8 26. Qc4 Rf8 27. b4 Bb6 28. Qb5 axb4 29. cxb4 Qe8 30. a5 Ba7 31. a6 Nd8 32. Qxe8 Rxe8 33. axb7 c6 34. Bc4 Rxb7 35. Ra1 Ne6 36. Ra6 Rc8 37. Ra3 Rcc7 38. Ba6 Rb8 39. Bc4 Nd4 40. Nxd4 Bxd4 41. Ra6 Rb6 42. Ra8 Rbb7 43. Rf8 g6 44. Rd8 Rd7 45. Rc8 Rbc7 46. Rb8 Ba7 47. Ra8 Rb7 48. Rc8 Rbc7 49. Ra8 Bd4 50. Rb8 Ra7 51. Rc8 Rac7 52. Rb8 d5 53. exd5 cxd5 54. Ba6 Ba7 55. Re8 Re7 56. Rd8 Rcd7 57. Rc8 Kg7 58. b5 Rc7 59. Rd8 Rcd7 60. Ra8 Bb6 61. Bb4 Ra7 62. Rb8 Re6 63. Bc3 d4 64. Bd2 Bc5 65. Rc8 Be7 66. Re8 Bc5 67. Rc8 Be7 68. Re8 Bf6 69. Rxe6 fxe6 70. Ba5 Kf7 71. b6 Rxa6 72. b7 Rxa5 73. b8=Q Ra1+ 74. Ke2 Ra2+ 75. Kf3 e4+ 76. dxe4 Ra3+ 77. Ke2 Ra2+ 78. Kd3 Rxf2 79. e5 Be7 80. Kxd4 Rd2+ 81. Ke3 Rxg2 82. Kf3 Ra2 83. Qb1 Ra3+ 84. Ke2 Ra5 85. Qb2 Rd5 86. Ke3 Bc5+ 87. Ke2 Bd4 88. Qb7+ Ke8 89. Qc8+ Ke7 90. Qb7+ Ke8 91. Qg7 Rxe5+ 92. Kd3 Rd5 93. Qxg6+ Ke7 94. Ke4 Bf6 95. Qh7+ Kd6 96. Qxh6 Re5+ 97. Kd3 Rd5+ 98. Kc2 Rc5+ 99. Kb3 Rb5+ 100. Ka4 Rf5 101. h4 Ke5 102. Kb5 Kd4+ 103. Kc6 Rc5+ 104. Kd7 Be5 105. Qxe6 Rc7+ 106. Kd8 Rc5 107. Qg4+ Kd5 108. h5 Bf6+ 109. Kd7 Be5 110. h6 Rc7+ 111. Kd8 Rc5 112. h7 Ra5 113. Qf3+ Kc5 114. Qe3+ Kd5 115. Qd3+ Kc6 116. Qc4+ Kb6 117. Qe6+ Kb7 118. Qc8+ Kb6 119. Qe6+ Kb7 120. Qb3+ Ka7 121. Kc8 Rc5+ 122. Kd8 Bf6+ 123. Kd7 Re5 124. Kc6 Re6+ 125. Qxe6 1-0

[Event "CYCC U10"]
[Site "Ottawa CAN"]
[Date "2013.07.12"]
[Round "5"]
[White "Vettese, Nicholas"]
[Black "Qu, Leo"]
[Result "1-0"]
[WhiteElo "1434"]
[BlackElo "942"]
[PlyCount "93"]
[GameId "2160767909318084"]
[EventDate "2013.07.10"]
[EventType "swiss"]
[EventRounds "6"]
[EventCountry "CAN"]
[SourceTitle "hb 2013"]

1. e4 c5 2. Nf3 d6 3. d4 cxd4 4. Nxd4 Nf6 5. Nc3 g6 6. f3 Nc6 7. Be3 Bg7 8. Qd2 Nxd4 9. Bxd4 O-O 10. O-O-O b6 11. g4 e5 12. Be3 Re8 13. Qxd6 Qxd6 14. Rxd6 Be6 15. Bb5 Red8 16. Rhd1 Rxd6 17. Rxd6 Bf8 18. Rd3 a6 19. Bc6 Rb8 20. Nd5 Bxd5 21. Bxd5 Bc5 22. Bxc5 bxc5 23. Bc4 Ra8 24. Rd6 Kg7 25. Rxa6 Rxa6 26. Bxa6 Nd7 27. Bb5 Nb6 28. a4 Kf8 29. a5 Nc8 30. c3 Nd6 31. Bd3 Ke7 32. b4 cxb4 33. cxb4 Kd7 34. Kc2 Kc6 35. Kc3 g5 36. Kb3 f6 37. Kc3 Nc8 38. Bc4 h6 39. Kb3 Kb7 40. b5 Ka7 41. Kb4 Nd6 42. Kc5 Nb7+ 43. Kb4 Nd6 44. Bd5 Kb8 45. Kc5 Nc8 46. Be6 Na7 47. b6 1-0

[Event "Aurora Summer op U1600"]
[Site "Aurora CAN"]
[Date "2013.07.06"]
[Round "3"]
[White "Feng, Richard"]
[Black "Vettese, Nicholas"]
[Result "0-1"]
[WhiteElo "1364"]
[BlackElo "1434"]
[PlyCount "85"]
[GameId "2160767909339157"]
[EventDate "2013.07.06"]
[EventType "swiss"]
[EventRounds "5"]
[EventCountry "CAN"]

1. e4 e5 2. Nc3 Nc6 3. f4 d6 4. Nf3 Bg4 5. Bb5 exf4 6. d3 g5 7. h3 Bd7 8. Bc4 h5 9. h4 g4 10. Ng5 Ne5 11. Bb3 f6 12. Ne6 Bxe6 13. Bxe6 f3 14. g3 Qe7 15. Nd5 Qg7 16. Be3 c6 17. Nc3 Nh6 18. d4 Qe7 19. Bb3 Ng6 20. d5 c5 21. Ba4+ Kf7 22. Qd2 a6 23. a3 f5 24. Bg5 Qe5 25. O-O-O b5 26. exf5 Qxf5 27. Bb3 Kg8 28. Rhe1 Nf7 29. Re6 Nxg5 30. hxg5 Ne5 31. Rf6 Qxf6 32. gxf6 Bh6 33. Qxh6 Rxh6 34. Ne4 Rd8 35. a4 c4 36. Ba2 Kf7 37. axb5 axb5 38. Bb1 Ng6 39. c3 Nf8 40. Re1 Nh7 41. Nxd6+ Rxd6 42. Re7+ Kxf6 43. Rxh7 0-1

[Event "CAN-ch Universities"]
[Site "Montreal CAN"]
[Date "2025.01.24"]
[Round "1.11"]
[White "Vettese, Nicholas"]
[Black "Pelev, Iassen"]
[Result "1-0"]
[WhiteElo "2475"]
[BlackElo "2110"]
[PlyCount "77"]
[GameId "2144521137664151"]
[EventDate "2025.01.24"]
[EventType "team"]
[EventRounds "5"]
[EventCountry "CAN"]
[WhiteTeam "U Toronto A"]
[BlackTeam "Carleton A"]

1. e4 c5 2. Nf3 d6 3. d4 cxd4 4. Nxd4 Nf6 5. Nc3 a6 6. h3 e5 7. Nde2 h5 8. g3 Be7 9. Bg2 Nbd7 10. a4 b6 11. O-O Bb7 12. Nd5 Nxd5 13. exd5 Rc8 14. Ra3 g6 15. f4 O-O 16. f5 Kg7 17. Raf3 b5 18. Qd2 Rh8 19. fxg6 f6 20. Nc3 Rc4 21. axb5 axb5 22. Nd1 Qb6+ 23. Ne3 Kxg6 24. Kh2 Rd4 25. Qe2 Bf8 26. Qf2 Qd8 27. Nf5 Ra4 28. b3 Ra2 29. Nh4+ Kg7 30. Bg5 Rh6 31. Nf5+ Kh7 32. Nxh6 Bxh6 33. Rxf6 Bxg5 34. Qf5+ Kh8 35. Rf7 Qg8 36. Be4 Nf6 37. Rxf6 Bxf6 38. Qxh5+ Kg7 39. Qg6+ 1-0

[Event "CAN-ch Universities"]
[Site "Montreal CAN"]
[Date "2025.01.25"]
[Round "2.11"]
[White "Martinez Mulet, Dario Leonel"]
[Black "Vettese, Nicholas"]
[Result "0-1"]
[WhiteElo "2258"]
[BlackElo "2475"]
[PlyCount "80"]
[GameId "2144521137819831"]
[EventDate "2025.01.24"]
[EventType "team"]
[EventRounds "5"]
[EventCountry "CAN"]
[WhiteTeam "Concordia A"]
[BlackTeam "U Toronto A"]

1. d4 d5 2. c4 c6 3. Nf3 Nf6 4. e3 Bf5 5. Nc3 e6 6. Bd3 Bg6 7. O-O Nbd7 8. Qe2 Bb4 9. Bd2 Ba5 10. b4 Bc7 11. e4 dxc4 12. Bxc4 e5 13. Rad1 Bh5 14. Bg5 Qe7 15. d5 Qxb4 16. Rb1 Qxc3 17. Rb3 Qa5 18. Bd2 Qa4 19. Rb4 Qa3 20. Rfb1 Nc5 21. dxc6 bxc6 22. Bc1 Qa5 23. Bd2 Rd8 24. Rb8 Qa4 25. Rxd8+ Bxd8 26. Bb4 Nfd7 27. Qe3 Be7 28. Nxe5 Nxe5 29. Bxc5 Nxc4 30. Qh3 Nb6 31. Qxh5 Qc2 32. Rd1 Qxc5 33. Qg4 O-O 34. h4 Rd8 35. Re1 h5 36. Qf3 Bxh4 37. g3 Be7 38. e5 Qb4 39. Rc1 Qg4 40. Qxc6 Rc8 0-1

[Event "CAN-ch Universities"]
[Site "Montreal CAN"]
[Date "2025.01.25"]
[Round "3.11"]
[White "Vettese, Nicholas"]
[Black "Kang, Dorian"]
[Result "1-0"]
[WhiteElo "2475"]
[BlackElo "2302"]
[PlyCount "93"]
[GameId "2144521137836247"]
[EventDate "2025.01.24"]
[EventType "team"]
[EventRounds "5"]
[EventCountry "CAN"]
[WhiteTeam "U Toronto A"]
[BlackTeam "Waterloo A"]

1. e4 c5 2. Nf3 Nc6 3. d4 cxd4 4. Nxd4 g6 5. Nc3 Bg7 6. Be3 Nf6 7. Nxc6 bxc6 8. e5 Ng8 9. f4 d5 10. Qf3 h5 11. h3 Nh6 12. O-O-O Qa5 13. Nxd5 Be6 14. Nf6+ Kf8 15. Qxc6 Rd8 16. Rxd8+ Qxd8 17. Bc5 Nf5 18. g4 Bh6 19. g5 Bxg5 20. fxg5 Kg7 21. Ne4 Qa5 22. Bd3 Rc8 23. Qb5 Qxb5 24. Bxb5 Bd5 25. b4 Bxe4 26. Rh2 Rc7 27. a4 Nh4 28. Rf2 Nf3 29. h4 Bd5 30. c4 Ba8 31. Re2 Nxh4 32. Bd6 Rc8 33. Bxe7 Nf5 34. Bf6+ Kh7 35. Rd2 h4 36. Rh2 Bc6 37. Ba6 Rc7 38. c5 Bxa4 39. Bd3 Ng7 40. Rxh4+ Kg8 41. Kb2 Nh5 42. e6 Nxf6 43. gxf6 fxe6 44. Bxg6 e5 45. f7+ Kg7 46. Rh7+ Kxg6 47. f8=N+ 1-0

[Event "CAN-ch Universities"]
[Site "Montreal CAN"]
[Date "2025.01.26"]
[Round "4.11"]
[White "Tanaka, Tyler"]
[Black "Vettese, Nicholas"]
[Result "1/2-1/2"]
[Annotator "hugh_"]
[WhiteElo "2377"]
[BlackElo "2475"]
[PlyCount "81"]
[GameId "2142338314523098"]
[EventDate "2025.01.24"]
[EventType "team"]
[EventRounds "5"]
[EventCountry "CAN"]
[WhiteTeam "McGill A"]
[BlackTeam "U Toronto A"]

{[%evp 0,81,17,21,17,29,19,19,15,0,32,39,25,26,11,10,29,25,17,32,37,44,57,15,0,-21,18,18,34,-15,51,48,-12,71,51,50,68,35,-66,37,42,35,44,65,27,33,25,-16,-119,-45,-134,-41,-124,-81,-203,-74,-192,-83,-93,-82,-86,-105,-127,-148,-309,-228,-114,-227,-172,-179,-194,-194,-164,-216,-309,-266,-249,-183,-77,-95,-118,-68,-68,-66]} 1. e4 c5 2. Nf3 e6 3. d4 cxd4 4. Nxd4 Nc6 5. Nc3 Qc7 6. g3 a6 7. Bg2 h5 8. h3 h4 9. g4 Bd6 10. O-O Nge7 11. Nde2 b5 12. a3 Rb8 13. Kh1 Bc5 14. Bf4 e5 15. Bc1 d6 16. f4 exf4 17. Nxf4 Be6 18. Ncd5 Bxd5 19. exd5 Ne5 20. b4 Bb6 21. Bb2 Rd8 22. Qe1 O-O 23. Qxh4 N7g6 24. Nxg6 Nxg6 25. Qg3 Qxc2 26. Qc3 Qxc3 27. Bxc3 Rc8 28. Be1 Bd4 29. Ra2 Ne5 30. Bg3 Rc3 31. Bxe5 Bxe5 32. Rb1 Rfc8 33. Bf1 Rc2 34. Rxc2 Rxc2 35. Rb3 Ra2 36. Bd3 Rh2+ 37. Kg1 Rxh3 38. Bc2 Rh2 39. Bf5 Rb2 40. Rxb2 Bxb2 41. Bc8 1/2-1/2

[Event "CAN-ch Universities"]
[Site "Montreal CAN"]
[Date "2025.01.26"]
[Round "5.11"]
[White "Vettese, Nicholas"]
[Black "Demchenko, Svitlana"]
[Result "1-0"]
[WhiteElo "2475"]
[BlackElo "2320"]
[PlyCount "117"]
[GameId "2143002893067343"]
[EventDate "2025.01.24"]
[EventType "team"]
[EventRounds "5"]
[EventCountry "CAN"]
[WhiteTeam "U Toronto A"]
[BlackTeam "U Ottawa A"]

1. e4 e5 2. Nf3 Nc6 3. d4 exd4 4. Nxd4 Bc5 5. Nb3 Bb6 6. Qe2 d6 7. Nc3 Nf6 8. Bg5 h6 9. Bh4 g5 10. Bg3 Qe7 11. h4 g4 12. h5 Nd4 13. Qd3 Nf5 14. Bf4 Bd7 15. O-O-O Ng7 16. Nd5 Nxd5 17. exd5 O-O-O 18. Qc3 Nf5 19. Re1 Qf8 20. Bd3 Bxf2 21. Ref1 g3 22. Na5 Bb6 23. Nc4 Bd4 24. Qa3 Kb8 25. Bd2 Ne7 26. Rh4 Bc5 27. b4 Bf2 28. Ne3 f5 29. Kb1 f4 30. Nd1 f3 31. Be4 Bb5 32. Rfh1 Bc4 33. Bxf3 Bxd5 34. Rf4 Qe8 35. Nxf2 Bxf3 36. Qxf3 gxf2 37. Qxf2 Nd5 38. Rf5 Nb6 39. Qd4 Qe2 40. Rf2 Qb5 41. Qd3 Nc4 42. Bc3 Rhg8 43. a4 Qa6 44. Re1 d5 45. a5 Qb5 46. Bd2 b6 47. Qb3 Rg4 48. Bc3 d4 49. Rd1 Ne3 50. Rd3 c5 51. bxc5 Qxb3+ 52. cxb3 bxc5 53. Bd2 Nxg2 54. Rf7 Re8 55. Rdf3 Re2 56. a6 Rg8 57. Rb7+ Kc8 58. Rxa7 Kb8 59. Rff7 1-0

[Event "Toronto Hart House m"]
[Site "Toronto CAN"]
[Date "2025.01.30"]
[Round "1"]
[White "Vettese, Nicholas"]
[Black "Plotkin, Mark"]
[Result "0-1"]
[WhiteElo "2328"]
[BlackElo "2352"]
[PlyCount "204"]
[GameId "2143899097353415"]
[EventDate "2025.01.30"]
[EventType "match"]
[EventRounds "4"]
[EventCountry "CAN"]
[SourceTitle "Mega2025 Update 15"]
[Source "Chessbase"]
[SourceDate "2025.02.14"]
[SourceVersion "1"]
[SourceVersionDate "2025.02.14"]
[SourceQuality "1"]

1. e4 g6 2. d4 Bg7 3. Nc3 d6 4. h3 a6 5. a4 Nc6 6. Be3 Nf6 7. Nf3 O-O 8. a5 e5 9. dxe5 Nxe5 10. Nxe5 dxe5 11. Bc4 Qe7 12. Qb1 c6 13. Qa2 Rd8 14. Bb6 Rd4 15. O-O c5 16. b4 cxb4 17. Nd5 Nxd5 18. Bxd5 Rxd5 19. exd5 Bf5 20. Rad1 Qd6 21. g4 Bd7 22. Qc4 Rc8 23. Qe4 f5 24. gxf5 Bxf5 25. Qh4 Bxc2 26. Rc1 b3 27. Qg4 Rc3 28. Qa4 Bf8 29. Rfd1 Rxh3 30. Rxc2 bxc2 31. Qxc2 e4 32. Bc7 Qd7 33. Qxe4 Bd6 34. Bb6 Kf7 35. Be3 Rh5 36. Kf1 Qf5 37. Qxf5+ Rxf5 38. Rb1 Rxd5 39. Rxb7+ Ke6 40. Rb6 Rxa5 41. Bf4 Rd5 42. Rxa6 g5 43. Bh2 h5 44. Kg2 Rd3 45. Ra5 Bxh2 46. Rxg5 Bf4 47. Rxh5 Kf6 48. Rb5 Be5 49. Ra5 Kf5 50. Ra8 Ke4 51. Ra4+ Bd4 52. Ra8 Rd2 53. Re8+ Kd3 54. Rf8 Ke2 55. Re8+ Kd1 56. Rf8 Re2 57. Kf1 Kd2 58. Rf4 Re1+ 59. Kg2 Kd3 60. Rf8 Re7 61. Kf3 Bb6 62. Rf6 Rb7 63. Rf8 Rg7 64. Rf6 Ba7 65. Rf8 Kd2 66. Ke4 Bc5 67. Rd8+ Kc3 68. f4 Kc4 69. f5 Re7+ 70. Kf4 Be3+ 71. Kg4 Rg7+ 72. Kf3 Bd4 73. Ke4 Rg4+ 74. Kf3 Rg1 75. Ke4 Re1+ 76. Kf4 Be5+ 77. Kf3 Kc5 78. Rd7 Bd6 79. Ra7 Kd4 80. Ra5 Be5 81. Ra4+ Kd5 82. Ra5+ Kd6 83. Ra6+ Kc5 84. Ra5+ Kd4 85. Ra4+ Kd3 86. Ra3+ Bc3 87. Kf4 Kc4 88. Ra8 Bd2+ 89. Kf3 Bb4 90. Rd8 Ba5 91. Ra8 Bb6 92. Ra2 Kd5 93. Re2 Rg1 94. Rg2 Rf1+ 95. Kg4 Ke4 96. Rb2 Bd4 97. Rb5 Rg1+ 98. Kh5 Be5 99. Kh4 Kxf5 100. Kh3 Rg3+ 101. Kh4 Ra3 102. Rd5 Ra8 0-1

[Event "Toronto Hart House m"]
[Site "Toronto CAN"]
[Date "2025.01.31"]
[Round "2"]
[White "Plotkin, Mark"]
[Black "Vettese, Nicholas"]
[Result "0-1"]
[WhiteElo "2352"]
[BlackElo "2328"]
[PlyCount "64"]
[GameId "2143899097353416"]
[EventDate "2025.01.30"]
[EventType "match"]
[EventRounds "4"]
[EventCountry "CAN"]
[SourceTitle "Mega2025 Update 15"]
[Source "Chessbase"]
[SourceDate "2025.02.14"]
[SourceVersion "1"]
[SourceVersionDate "2025.02.14"]
[SourceQuality "1"]

1. e4 c5 2. c3 Nf6 3. e5 Nd5 4. Nf3 e6 5. Bc4 Nb6 6. Bb3 d6 7. exd6 {The main line 7.exd6 scores better than 7.d4. Die Hauptvariante 7.exd6 punktet besser als 7.d4.} Bxd6 8. O-O O-O 9. d4 Nc6 10. Bg5 Be7 11. dxc5 Nd7 12. Bxe7 Qxe7 13. Nbd2 Nxc5 14. Bc2 b6 $146 (14... Rd8 15. Qe2 a5 16. Ne4 Bd7 17. Rad1 Be8 18. Nxc5 Qxc5 19. Qe4 g6 20. Qh4 Kg7 {½-½ Skok,J (2020)-Rifelj,L (1909) SLO-ch op Ljubljana 2014 (9)}) 15. b4 Nd7 16. Qe2 Bb7 17. Ne4 Nce5 18. Nxe5 Nxe5 19. f4 Ng6 20. Ng5 h6 21. Nxe6 Rae8 22. Rae1 Qf6 23. f5 Nh4 24. Qd3 Nxg2 25. Rd1 Qh4 26. f6 g6 27. Nxf8 Ne3 28. Qxg6+ fxg6 29. f7+ Kxf8 30. fxe8=Q+ Kxe8 31. Rde1 Qg4+ 32. Kf2 Qf3+ 0-1

[Event "Toronto Hart House m"]
[Site "Toronto CAN"]
[Date "2025.01.31"]
[Round "3"]
[White "Vettese, Nicholas"]
[Black "Plotkin, Mark"]
[Result "1-0"]
[WhiteElo "2328"]
[BlackElo "2352"]
[PlyCount "91"]
[GameId "2143899097357513"]
[EventDate "2025.01.30"]
[EventType "match"]
[EventRounds "4"]
[EventCountry "CAN"]
[SourceTitle "Mega2025 Update 15"]
[Source "Chessbase"]
[SourceDate "2025.02.14"]
[SourceVersion "1"]
[SourceVersionDate "2025.02.14"]
[SourceQuality "1"]

1. e4 g6 2. d4 Bg7 3. Nc3 d6 4. h3 a6 5. a4 Nc6 6. Be3 Nf6 7. Nge2 O-O 8. g4 Bd7 9. f4 e5 10. dxe5 dxe5 11. f5 Nd4 12. Bg2 Bc6 13. O-O Re8 14. Ng3 b5 15. g5 Nd7 16. Nd5 bxa4 17. h4 Bb5 18. Rf2 c6 19. Nc3 Nb6 20. Qg4 Nc4 21. Bc1 Qb6 22. Kh2 Nxf5 23. Rxf5 gxf5 24. exf5 Ne3 25. Bxe3 Qxe3 26. f6 Bf8 27. Be4 Qf2+ 28. Kh3 Bc4 29. Bxh7+ Kxh7 30. Qxc4 Ra7 31. Qg4 Qxc2 32. Nce4 Qb3 33. Rf1 Rb8 34. Qh5+ Kg8 35. g6 Qe6+ 36. Rf5 fxg6 37. Qxg6+ Kh8 38. Qh5+ Rh7 39. Qxh7+ Kxh7 40. Ng5+ Kh6 41. Nxe6 Bd6 42. Rg5 Rb3 43. f7 Rf3 44. Kg4 Rxf7 45. Nf5+ Kh7 46. Rh5+ 1-0

[Event "Toronto Hart House m"]
[Site "Toronto CAN"]
[Date "2025.01.31"]
[Round "4"]
[White "Plotkin, Mark"]
[Black "Vettese, Nicholas"]
[Result "1-0"]
[WhiteElo "2352"]
[BlackElo "2328"]
[PlyCount "61"]
[GameId "2143899097357514"]
[EventDate "2025.01.30"]
[EventType "match"]
[EventRounds "4"]
[EventCountry "CAN"]
[SourceTitle "Mega2025 Update 15"]
[Source "Chessbase"]
[SourceDate "2025.02.14"]
[SourceVersion "1"]
[SourceVersionDate "2025.02.14"]
[SourceQuality "1"]

1. e4 c5 2. Nf3 d6 3. d4 cxd4 4. Nxd4 Nf6 5. Nc3 a6 6. Bc4 e6 7. O-O Be7 8. Be3 O-O 9. Bb3 Nc6 10. f4 Nxd4 11. Bxd4 Qc7 12. Qf3 b5 13. a3 Bb7 14. f5 e5 15. Be3 Rac8 16. Rad1 Qb8 17. Nd5 Bxd5 18. exd5 Bd8 19. Kh1 a5 20. c3 b4 21. axb4 axb4 22. c4 Re8 23. Ba4 e4 24. Qe2 Re7 25. Bd4 Kh8 26. Bxf6 gxf6 27. Qh5 Kg7 28. Rf4 Re5 29. Rg4+ Kf8 30. Qxh7 Bb6 31. Rg7 1-0